Advance with English : Teacher's book
Αποθηκεύτηκε σε:
| Μορφή: | Βιβλίο |
|---|---|
| Γλώσσα: | Undetermined |
| Έκδοση: |
Oxford, UK
Oxford University Press
1993
|
| Θέματα: | |
| Ετικέτες: |
Προσθήκη ετικέτας
Δεν υπάρχουν, Καταχωρήστε ετικέτα πρώτοι!
|
| Thư viện lưu trữ: | Trung tâm Học liệu Trường Đại học Cần Thơ |
|---|
| LEADER | 00523nam a2200193Ia 4500 | ||
|---|---|---|---|
| 001 | CTU_35399 | ||
| 008 | 210402s9999 xx 000 0 und d | ||
| 020 | |c 77000 | ||
| 082 | |a 428.0071 | ||
| 082 | |b A244t/B.1 | ||
| 245 | 0 | |a Advance with English : | |
| 245 | 0 | |b Teacher's book | |
| 245 | 0 | |c Paul Mason, Fiona Sibbald | |
| 260 | |a Oxford, UK | ||
| 260 | |b Oxford University Press | ||
| 260 | |c 1993 | ||
| 650 | |a English language | ||
| 904 | |i Minh,Huỳnh Mai | ||
| 980 | |a Trung tâm Học liệu Trường Đại học Cần Thơ | ||